000 00448cam a2200181ua 4500
001 3927
008 111209n ii |||gr||||Z||||||asm
040 _cMAIN
082 _a891.4511
100 1 _aBhattacharjya, Hiren,
245 1 1 _aMur priya barnamala
_cby Hiren Bhattacharjya
250 _a1st.
260 _aGuwahati:
_bJyoti Prakashan,995.
300 _a151p:
_c23cm.
653 _aAssamese poem
653 _aMur priya barnamala
942 _cBK
999 _c3749
_d3749